<?xml version="1.0" encoding="UTF-8"?>
<marc:record xmlns:marc="http://www.loc.gov/MARC21/slim">
   <marc:leader>00000nam a2200000 a 4500</marc:leader>
   <marc:datafield ind1="1" ind2=" " tag="100">
      <marc:subfield code="a">Slaughter, Karin</marc:subfield>
      <marc:subfield code="4">aut</marc:subfield>
      <marc:subfield code="e">Verfasser/-in</marc:subfield>
   </marc:datafield>
   <marc:datafield ind1="1" ind2=" " tag="100">
      <marc:subfield code="a">Berr, Klaus</marc:subfield>
      <marc:subfield code="4">trl</marc:subfield>
      <marc:subfield code="e">Übersetzer/-in</marc:subfield>
   </marc:datafield>
   <marc:datafield ind1=" " ind2=" " tag="653">
      <marc:subfield code="a">Amerikanische Literatur</marc:subfield>
   </marc:datafield>
   <marc:datafield ind1="0" ind2="0" tag="245">
      <marc:subfield code="a">Schwarze Wut</marc:subfield>
   </marc:datafield>
   <marc:datafield ind1="0" ind2="0" tag="245">
      <marc:subfield code="b">Thriller</marc:subfield>
   </marc:datafield>
   <marc:datafield ind1="0" ind2="0" tag="245">
      <marc:subfield code="c">Karin Slaughter</marc:subfield>
   </marc:datafield>
   <marc:datafield ind1=" " ind2="1" tag="264">
      <marc:subfield code="a">München</marc:subfield>
      <marc:subfield code="b">Blanvalet</marc:subfield>
      <marc:subfield code="c">2016</marc:subfield>
   </marc:datafield>
   <marc:datafield ind1=" " ind2=" " tag="250">
      <marc:subfield code="a">X</marc:subfield>
   </marc:datafield>
   <marc:datafield ind1="1" ind2=" " tag="520">
      <marc:subfield code="a">Angaben aus der Verlagsmeldung &lt;br/&gt;&lt;br/&gt; &lt;br/&gt;&lt;br/&gt;  Schwarze Wut : Thriller Unseen / von Karin Slaughter &lt;br/&gt;&lt;br/&gt; &lt;br/&gt;Als krimineller Biker getarnt kommt Will Trent nach Macon, Georgia, um die Drahtzieher im dortigen Drogengeschäft zu entlarven. Sollte er erkannt werden, ist er ein toter Mann. Doch die Sache wird noch komplizierter, als klar wird, dass Detective Lena Adams in dem Fall verwickelt ist. Nach einer Razzia auf einen Fixertreff wurde sie in ihrem Haus überfallen. Dabei wurde ihr Mann Jared schwer verletzt und liegt seitdem im Koma. Sollte Sara Linton erfahren, dass ihr Stiefsohn Jared zwischen Leben und Tod schwebt, wird sie nicht nur nach Macon kommen und Lena zu Rede stellen  sondern sie könnte auch Wills Tarnung auffliegen lassen. Will muss um jeden Preis verhindern, dass sie sich in die Ermittlungen einmischt  andernfalls würde es bedeuten, dass sie diesmal auf gegnerischen Seiten stehen</marc:subfield>
   </marc:datafield>
   <marc:datafield ind1=" " ind2=" " tag="020">
      <marc:subfield code="a">9783764505189</marc:subfield>
      <marc:subfield code="9">9783764505189</marc:subfield>
   </marc:datafield>
   <marc:datafield ind1=" " ind2=" " tag="041">
      <marc:subfield code="a">ger</marc:subfield>
   </marc:datafield>
   <marc:datafield ind1=" " ind2=" " tag="300">
      <marc:subfield code="a">500 S.</marc:subfield>
   </marc:datafield>
</marc:record>
